| 000 | 00547nam a2200181Ia 4500 | ||
|---|---|---|---|
| 008 | 090124s9999 xx 000 0 und d | ||
| 082 | _b302937 | ||
| 100 | _aगुजर अनिल | ||
| 245 | _a विस्तवाशी खेळ | ||
| 250 | _a1 | ||
| 260 |
_bचेस जेम्स हॅडले _c1995 |
||
| 300 | _a164 | ||
| 600 | _aगुजर अनिल | ||
| 630 | _a विस्तवाशी खेळ | ||
| 700 | _aगुजर अनिल | ||
| 730 | _a विस्तवाशी खेळ | ||
| 942 | _cBOOK | ||
| 999 |
_c192574 _d192574 |
||